000 00654nam a2200157 i 4500
001 151858
003 ES-MaACL
005 20230906204422.0
008 931025s1893 sp |||| | spa d
100 1 _aBenítez y Fernández, Antonio.
_927652
245 1 0 _aNomografía diplomático consular.
_nTomo primero /
_cpor Antonio Benítez y Fernández.
260 _aMadrid :
_b[s.n.],
_c1893 (
_fEstab. Tip. de G. Pedraza)
300 _a160 p. ;
_c19 cm.
650 0 4 _aDerecho diplomático y consular-
_yS.XIX.
_911702
852 _aES-MaACL
_jT-874-F-1
_z- Enc. hol., conservando cub. original
_z- Enc. en un vol. facticio
_z-Dedicatoria autógrafa del autor
999 _c151858
_d151858